000 00403nam a2200169Ia 4500
008 230524s9999 xx 000 0 und d
020 _a9789352996629
082 _a658.421
_bDES
100 _aVasant Desai
245 0 _aEntrepreneurship Development
250 _a1
260 _aMumbai
_bHimalaya
_c2019
300 _a396p;
500 _aQuantity Number: 40
650 _aManagement
942 _cBK
999 _c60498
_d60498